Škola dobra a zla Prvá kniha

Bibliographic Details
Main Author: Chainani, Soman, 1979- (Author)
Other Authors: Ličková, Zora, 1959- (Translator), Bruno, Iacopo, 1964- (Illustrator)
Format: Book
Language:Slovak
English
PhysicalDescription:406 strán ilustrácie 21 cm
Published: Bratislava CooBoo 2022
ISBN:9788056626900
Edition:Druhé slovenské vydanie
Subjects:

MARC

LEADER 00000cam a2200000 4500
001 vtls012140067
003 SK-MaSNL
005 20260302025214.0
008 220620s2022 xo a c 000 f slo
015 |a SNBA2023/08 
020 |a 9788056626900  |q (viazané) 
040 |a SNK  |b slo  |c SNK  |e rda 
041 1 |a slo  |h eng 
044 |a xo  |c SK 
072 7 |a 821.111(73)-3  |x Americká próza  |2 konspekt 
072 7 |a 82-93  |x Literatúra pre deti a mládež (beletria)  |2 konspekt 
080 |a 821.111(73)-31  |2 2011 
080 |a 82-93  |2 2011 
080 |a (0:82-312.9)  |2 2011 
100 1 |a Chainani, Soman,  |d 1979-  |4 aut  |9 233062 
240 1 4 |a The School of Good and Evil  |l Slovensky 
245 1 0 |a Škola dobra a zla  |n Prvá kniha  |c Soman Chainani ; ilustroval Iacopo Bruno ; z anglického originálu The School of Good and Evil ... preložila Zora Ličková 
250 |a Druhé slovenské vydanie 
264 1 |a Bratislava  |b CooBoo  |c 2022 
300 |a 406 strán  |b ilustrácie  |c 21 cm 
336 |a text  |b txt  |2 rdacontent 
337 |a bez média  |b n  |2 rdamedia 
338 |a zväzok  |b nc  |2 rdacarrier 
500 |a Vydalo vydavateľstvo CooBoo v spoločnosti Albatros Media Slovakia, s.r.o. 
521 8 |a Pre čitateľov od 10 rokov 
655 7 |a americké romány  |2 SNKPH  |9 1174 
655 7 |a fantasy romány  |2 SNKPH  |9 121434 
655 7 |a literatúra pre mládež  |2 SNKPH  |9 89423 
655 7 |a American fiction  |2 SNKPHeng  |9 281076 
655 7 |a Fantasy novels  |2 SNKPHeng  |9 248525 
655 7 |a Youth's literature  |2 SNKPHeng  |9 284579 
700 1 |a Ličková, Zora,  |d 1959-  |4 trl  |9 183217 
700 1 |a Bruno, Iacopo,  |d 1964-  |4 ill  |9 510406 
710 2 |a Albatros Media Slovakia.  |b CooBoo  |4 pbl  |9 193373 
787 0 8 |i Zo série:  |t Škola dobra a zla  |g 1 
852 |a Slovenská národná knižnica 
919 |a 978-80-566-2690-0 
954 |a beletria cudzojazyčná (svetová)  |2 lita 
958 |a LX 
958 |a UP 
958 |a DB 
968 |b ENG 
999 |c 1043337  |d 1045267 
952 |a SNK  |b SNK  |y PREZ  |7 0  |p 17A1309082  |o snkSC 198330/1  |i snk2022/11336  |8 0  |0 0  |1 0  |4 0  |d 2022-07-18  |l 0  |r 2025-10-21 00:00:00  |w 2026-02-24 
952 |a SNK  |b SNK  |y PREZ  |7 0  |p 17A1309083  |o snkSC 198330/1 D1  |i snk2022/11337  |8 0  |0 0  |1 0  |4 0  |d 2022-07-18  |l 0  |r 2026-02-24 14:30:58  |w 2026-02-24